toutes les villes du Loir-et-Cher - Statistiques

Statistiques générales
  • Ce quiz a été pris 4 fois
  • Le résultat moyen est 9 sur 34
Statistiques - réponses
Hab Intercommunalité Ville % Correct
47 200 ... Agglopolys Blois
100%
18 400 Romorantinais et monestois Romorantin Lanthenay
100%
15 800 Territoires vendômois Vendôme
100%
6 300 ... Val de loire Mer
50%
3 600 Territoires vendômois Montoire sur le loir
50%
2 800 Val de cher ... Saint Aignan
50%
4 200 Val de cher ... Selles sur cher
50%
2 700 ... Agglopolys Cellettes
25%
2 700 ... Agglopolys Chailles
25%
2 800 ... Agglopolys Cour Cheverny
25%
2 300 Grand Chambord Huisseau sur cosson
25%
4 500 ... Agglopolys La chaussée saint victor
25%
4 500 Cœur de Sologne Lamotte Beuvron
25%
6 900 Val de cher ... Le controis en sologne
25%
3400 Grand Chambord Mont près chambord
25%
3 600 Val de cher ... Montrichard val de cher
25%
3 200 ... Agglopolys Saint Gervais la forêt
25%
4 200 Grand Chambord Saint Laurent nouan
25%
4 800 Sologne des rivières Salbris
25%
2 300 ... Agglopolys Valencisse
25%
2 400 ... Agglopolys Valloire sur cisse
25%
3 300 ... Agglopolys Veuzain sur loire
25%
8 100 ... Agglopolys Vineuil
25%
3 300 Terres du val de loire Beauce la romaine
0%
2 300 Romorantinais et monestois Gièvres
0%
2 400 Territoires vendômois Naveil
0%
2 300 Cœur de Sologne Nouan le fuzelier
0%
2 600 Val de cher ... Noyers sur cher
0%
2 200 Romorantinais et monestois Pruniers en sologne
0%
2 700 ... Agglopolys Saint George sur cher
0%
3 000 Territoires vendômois Saint Ouen
0%
2 000 Territoires vendômois Savigny sur braye
0%
2 600 ... Agglopolys Villebarou
0%
2 700 Romorantinais et monestois Villefranche sur cher
0%
Aucun quiz correspondant
Distribution des résultats
% des personnes avec chaque résultat
Percentile par nombre de réponses
Votre historique - résultats
Vous n’avez pas pris ce quiz